アメリカ州ごとの最大都市 - Statistics

General Stats
  • This quiz has been taken 277 times
  • The average score is 16 of 50
Answer Stats
最大都市 人口 % Correct
ニューヨーク州 ニューヨーク 8,804,190
95%
カリフォルニア州 ロサンゼルス 3,898,747
93%
イリノイ州 シカゴ 2,746,388
85%
ワシントン州 シアトル 737,015
84%
マサチューセッツ州 ボストン 675,647
73%
テキサス州 ヒューストン 2,304,580
70%
ハワイ州 ホノルル 350,964
68%
ネバダ州 ラスベガス 641,903
65%
ミシガン州 デトロイト 639,111
65%
ジョージア州 アトランタ 498,715
60%
ペンシルベニア州 フィラデルフィア 1,603,797
59%
ミズーリ州 カンザスシティ 508,090
51%
コロラド州 デンバー 715,522
50%
アリゾナ州 フェニックス 1,608,139
49%
アラスカ州 アンカレッジ 291,247
48%
インディアナ州 インディアナポリス 887,642
44%
ミネソタ州 ミネアポリス 429,954
38%
ユタ州 ソルトレイクシティ 199,723
38%
ルイジアナ州 ニューオーリンズ 383,997
38%
オクラホマ州 オクラホマシティ 681,054
32%
オレゴン州 ポートランド 652,503
32%
メイン州 ポートランド 68,408
32%
ウィスコンシン州 ミルウォーキー 577,222
30%
メリーランド州 ボルチモア 585,708
28%
ニュージャージー州 ニューアーク 311,549
25%
テネシー州 ナッシュビル 689,447
22%
ミシシッピ州 ジャクソン 153,701
22%
オハイオ州 コロンバス 905,748
20%
ノースカロライナ州 シャーロット 874,579
20%
ニューメキシコ州 アルバカーキ 564,559
19%
フロリダ州 ジャクソンビル 949,611
18%
ケンタッキー州 ルイビル 633,045
14%
ネブラスカ州 オマハ 486,051
14%
ワイオミング州 シャイアン 65,132
14%
アイオワ州 デモイン 214,133
13%
ウェストバージニア州 チャールストン 48,864
13%
サウスカロライナ州 チャールストン 150,227
13%
ロードアイランド州 プロビデンス 190,934
13%
アーカンソー州 リトルロック 202,591
12%
アイダホ州 ボイシ 235,684
12%
カンザス州 ウィチタ 397,532
11%
バージニア州 バージニアビーチ 459,470
7%
デラウェア州 ウィルミントン 70,898
6%
ノースダコタ州 ファーゴ 125,990
6%
サウスダコタ州 スーフォールズ 192,517
5%
ニューハンプシャー州 マンチェスター 115,644
5%
モンタナ州 ビリングス 117,116
5%
コネチカット州 ブリッジポート 148,654
4%
アラバマ州 ハンツビル 215,006
3%
バーモント州 バーリントン 44,743
3%
No matching quizzes found
Score Distribution
Percent of People with Each Score
Percentile by Number Answered
Your Score History
You have not taken this quiz